=LDR 00000nam 2200000 4500 =001 INLIS000000000021629 =005 20130612120455 =008 ***********************************Ind** =035 ##$$0010-061300000021629 =041 ##$$a Ind =082 ##$$a 371.335 982 =090 ##$$a 371.335 982, Suh d =100 ##$$a Suhardi =245 ##$$a Dampak teyangan televisis terhadap masyrakat pedesaan di Jawa Tengah, kasus desa kecamatan desa propinsi Jawa Tengah =260 ##$$a 1996 $b Jakarta =300 ##$$a 91 hlm, ilus, 21 cm =650 ##$$a Pendidikan =850 ##$$a NBPNMAT